000 00851aam a2200337a 44500
008 990301s1995 cat
017 _aV-151-1995
041 _acat
041 _bspa
080 _a738(038)
100 _aPérez i Marco, Albert
_968435
245 _aVocabulari valencià de ceràmica
245 _cAlbert Pérez i Marco
260 _aPaterna
260 _bAjuntament de Paterna. Oficina Municipal de l'Ús del Valencià
260 _c1995
300 _a79 p.
_c21 cm
500 _aCategoria gramatical
520 _aaprox. 375
591 _a5783
592 _aObra terminològica
593 _aJB
594 _a5783
650 _aceràmica
_962678
901 _cDL <1995>
902 _a990301
942 _cMO
_n0
999 _c57432
_d57432